5HLuxD.jpg

KING HENRY VIII SENIOR AND PRIMARY SCHOOL LIBRARY OPAC

Daisy and the trouble with zoos / (Record no. 3989)

000 -LEADER
fixed length control field 00969nam a22002177a 4500
005 - DATE AND TIME OF LATEST TRANSACTION
control field 20241204141138.0
008 - FIXED-LENGTH DATA ELEMENTS--GENERAL INFORMATION
fixed length control field 241204b ||||| |||| 00| 0 eng d
020 ## - INTERNATIONAL STANDARD BOOK NUMBER
International Standard Book Number 9781782959557
040 ## - CATALOGING SOURCE
Transcribing agency KH8
082 ## - DEWEY DECIMAL CLASSIFICATION NUMBER
Classification number FIC GRA
100 ## - MAIN ENTRY--PERSONAL NAME
Personal name Gray, Kes
Relator term Author
245 ## - TITLE STATEMENT
Title Daisy and the trouble with zoos /
Statement of responsibility, etc. Kes Gray
260 ## - PUBLICATION, DISTRIBUTION, ETC.
Place of publication, distribution, etc. London,
Name of publisher, distributor, etc. Red Fox,
Date of publication, distribution, etc. 2020
300 ## - PHYSICAL DESCRIPTION
Extent 204 pages :
Other physical details illustrations ;
Dimensions 20 cm.
440 ## - SERIES STATEMENT/ADDED ENTRY--TITLE
Title Daisy
520 ## - SUMMARY, ETC.
Summary, etc. It's Daisy's birthday and she's having a special birthday treat! Mum has invited her best friends, Gabby and Dylan, on a trip to the zoo - and, best of all, Mum has arranged for Daisy to go into the actual penguin cage with the actual zoo keeper and FEED actual penguins! REAL ACTUAL PENGUINS! With actual beaks and everything!! Trouble is, Daisy doesn't just feed the penguins, she 'adopts' one to take home..
650 ## - SUBJECT ADDED ENTRY--TOPICAL TERM
Topical term or geographic name entry element Animal fiction
650 ## - SUBJECT ADDED ENTRY--TOPICAL TERM
Topical term or geographic name entry element Birthdays
650 ## - SUBJECT ADDED ENTRY--TOPICAL TERM
Topical term or geographic name entry element Children's stories
942 ## - ADDED ENTRY ELEMENTS (KOHA)
Source of classification or shelving scheme
Koha item type Books - Fiction
Holdings
Withdrawn status Lost status Source of classification or shelving scheme Damaged status Not for loan Collection code Permanent Location Current Location Shelving location Date acquired Total Checkouts Full call number Barcode Date due Date last seen Date last checked out Price effective from Koha item type
          Fiction KH8 Primary School Library KH8 Primary School Library Fiction 2024-12-04 9 FIC GRA KHPL000004685 2026-04-24 2026-04-16 2026-04-16 2024-12-04 Books - Fiction

Powered By KH8 IT Dept